000 00285nam a2200109Ia 4500
008 171211s9999 xx 000 0 und d
245 _aRice: A Global History
245 _cRenee Marton
260 _c2014
650 _xCOOKBOOKS
856 _uhttp://down.ebook777.com/063/1780233507.pdf
999 _c348140
_d348140